[Event "Madurai Athens of the East op-C 4th"]
[Site "Madurai"]
[Date "2024.12.30"]
[Round "7"]
[White "Rahul, Kumar Raj"]
[Black "Rupak, M."]
[Result "1/2-1/2"]
[WhiteElo "1696"]
[BlackElo "1741"]
[PlyCount "70"]
[EventDate "2024.12.28"]
[EventType "swiss"]
[EventRounds "9"]
[EventCountry "IND"]
[SourceTitle "CB02_2025"]
[SourceDate "2025.01.08"]
[SourceVersion "1"]
[SourceVersionDate "2025.01.08"]
[SourceQuality "1"]

1. d4 Nf6 2. c4 c5 3. d5 b5 4. cxb5 a6 5. bxa6 Bxa6 6. Nc3 d6 7. g3 g6 8. Bg2 Bg7 9. Nf3 Nbd7 10. 0-0 0-0 11. Re1 Qa5 12. h3 Nb6 13. e4 Nfd7 14. Bg5 Nc4 15. Qa4 Qxa4 16. Nxa4 h6 17. Bc1 Rfb8 18. Bf1 Nxb2 19. Nxb2 Bxf1 20. Kxf1 Bxb2 21. Bxb2 Rxb2 22. Re2 Rb4 23. e5 dxe5 24. Nxe5 Nxe5 25. Rxe5 Kf8 26. Rc1 c4 27. Re4 Rxa2 28. Rcxc4 Rxc4 29. Rxc4 Ke8 30. Rc8+ Kd7 31. Rf8 f5 32. Rh8 h5 33. Rg8 Ra6 34. Rh8 Kd6 35. Rg8 Ra2 1/2-1/2